Les athlètes les plus recherchés sur Google en 2024 en France - Statistiques

Statistiques générales
  • Ce quiz a été pris 91 fois
  • Le résultat moyen est 5 sur 10
Statistiques - réponses
# Sport pratiqué Nom du sportif/ve % Correct
1 Natation Léon Marchand
95%
2 Judo Teddy Riner
86%
9 Tennis de Table Felix Lebrun
65%
7 Basket Lebron James
47%
6 Natation Florent Manaudou
40%
5 Gymnastique artistique Simone Biles
36%
10 Canoë slalom (anciennement) Tony Estanguet
31%
4 Football Lamine Yamal
30%
8 MMA Benoit Saint-Denis
24%
3 Boxe Imane Khelif
5%
Aucun quiz correspondant
Distribution des résultats
% des personnes avec chaque résultat
Percentile par nombre de réponses
Votre historique - résultats
Vous n’avez pas pris ce quiz